| 000 | 00526nam a2200193Ia 4500 | ||
|---|---|---|---|
| 008 | 160319s9999 xx 000 0 und d | ||
| 245 | 4 | _aThe earth and its geography / | |
| 260 | _aNew Delhi : | ||
| 260 | _bYoung Learner Productions. | ||
| 260 | _cNA | ||
| 300 | _a1 computer optical disc : | ||
| 300 | _bsound, colored ; | ||
| 300 | _c4 3/4 in. | ||
| 650 | _aEarth (Planet) -- | ||
| 650 | _aGeography -- | ||
| 650 | _aGeography. | ||
| 650 | _xInteractive multimedia. | ||
| 650 | _xInteractive multimedia. | ||
| 999 |
_c292662 _d292662 |
||